[Event "Chigorin Memorial 2019"]
[Site "St Petersburg RUS"]
[Date "2019.10.05"]
[Round "1.143"]
[White "Michelle Catherina, P"]
[Black "Pereverzev, Timofei"]
[Result "0-1"]
[WhiteTitle "WIM"]
[WhiteElo "2123"]
[BlackElo "1479"]
[WhiteFideId "5005736"]
[BlackFideId "24239500"]
[EventDate "2019.10.05"]

1. e4 c5 2. Nf3 e6 3. d4 cxd4 4. Nxd4 a6 5. c4 Nf6 6. Nc3 Qc7 7. a3 d6 8. Be2
Be7 9. Be3 b6 10. Rc1 Bb7 11. f3 O-O 12. O-O Nbd7 13. Qd2 Rac8 14. Rfd1 Rfe8 15.
b4 Qb8 16. Bf1 Bd8 17. Nb3 Bc7 18. Bf4 Ne5 19. Bxe5 dxe5 20. c5 b5 21. a4 Bc6
22. axb5 axb5 23. Qe2 Re7 24. Ra1 g6 25. Na5 Bxa5 26. Rxa5 Rb7 27. Rb1 Nd7 28.
Nxb5 Bxb5 29. Rxb5 Rxb5 30. Qxb5 Qxb5 31. Bxb5 Nb8 32. Rc1 Kf8 33. c6 Rc7 34.
Ba4 Nd7 35. b5 Nb6 36. Bd1 Ke7 37. Be2 h6 38. Kf2 Kd6 39. Rd1+ Ke7 40. Ra1 Kd6
41. Ke3 h5 42. h4 Kc5 43. Rc1+ Kd6 44. Rd1+ Ke7 45. Ra1 Kd6 46. g4 hxg4 47. fxg4
f5 48. Rd1+ Kc5 49. g5 Rc8 50. Rc1+ Kd6 51. h5 gxh5 52. g6 h4 53. Rh1 Rg8 54.
Rd1+ Kc7 55. Bh5 Nc4+ 56. Kf2 Nd6 57. Ke3 Nxb5 58. exf5 exf5 59. Rd5 Nd6 60. Rc5
h3 61. Kf3 h2 62. Rc1 Rh8 63. g7 Rg8 64. Rh1 Rxg7 65. Rxh2 Rh7 66. Rh1 Ne4 67.
Kg2 Rg7+ 68. Kf3 Nf6 69. Ke2 e4 0-1

[Event "Chigorin Memorial 2019"]
[Site "St Petersburg RUS"]
[Date "2019.10.05"]
[Round "1.144"]
[White "Koltsova, Alisa"]
[Black "Babanin, Gleb"]
[Result "0-1"]
[WhiteElo "1486"]
[BlackElo "2119"]
[WhiteFideId "24249599"]
[BlackFideId "34152536"]
[EventDate "2019.10.05"]

1. d4 d5 2. c4 e6 3. Nc3 c6 4. e4 Bb4 5. e5 c5 6. Nf3 Ne7 7. a3 Bxc3+ 8. bxc3 b6
9. Be3 Qc7 10. cxd5 exd5 11. Bb5+ Bd7 12. Bxd7+ Nxd7 13. O-O c4 14. Ne1 h5 15.
Nc2 O-O-O 16. a4 Nc6 17. Rb1 Nf8 18. Qf3 Ne6 19. Rb5 Qd7 20. Rfb1 Nc7 21. R5b2
Na5 22. Ra2 Nb3 23. Na1 Nxa1 24. Raxa1 Rde8 25. Rb4 Qg4 26. Qd1 Qxd1+ 27. Rxd1
Kd7 28. Bc1 Kc6 29. Ba3 Ne6 30. Bc1 Rb8 31. f4 g6 32. g3 a5 33. Rb1 Nc7 34. Ba3
b5 35. Bd6 bxa4 36. Ra1 Rb2 37. Bxc7 Kxc7 38. Rxa4 Ra8 39. Rc1 Kc6 40. Rca1 Kb5
41. R1a3 Rc2 42. h3 Rxc3 43. Rxa5+ Rxa5 44. Rxc3 Ra1+ 45. Kg2 Kb4 46. Rc2 Kb3
47. Re2 Ra2 48. Rxa2 Kxa2 49. g4 hxg4 50. hxg4 c3 51. f5 gxf5 52. gxf5 c2 53. e6
fxe6 0-1

[Event "Chigorin Memorial 2019"]
[Site "St Petersburg RUS"]
[Date "2019.10.05"]
[Round "1.145"]
[White "Ovezdurdiyeva, Jemal"]
[Black "Shaymardanov, Bakhtiyar"]
[Result "1/2-1/2"]
[WhiteTitle "WFM"]
[WhiteElo "2117"]
[BlackElo "1470"]
[WhiteFideId "14001888"]
[BlackFideId "34348190"]
[EventDate "2019.10.05"]

1. d4 d5 2. c4 e6 3. Nc3 Nf6 4. Bg5 Be7 5. cxd5 exd5 6. e3 c6 7. Bd3 Nbd7 8. Qc2
h6 9. Bh4 Nh5 10. Bxe7 Qxe7 11. Nge2 Nb6 12. O-O O-O 13. Rae1 Bd7 14. e4 dxe4
15. Nxe4 Bf5 16. N2g3 Nxg3 17. fxg3 Bxe4 18. Rxe4 Qd7 19. Rh4 Nd5 20. Qd2 Rae8
21. Rf5 Qe7 22. Re4 Qb4 23. Qe2 Rxe4 24. Qxe4 g6 25. Rf2 Qe7 26. Qxe7 Nxe7 27.
Be4 Nd5 28. Bxd5 cxd5 29. Rc2 Re8 30. Rc7 Re4 31. Rxb7 Rxd4 32. a3 a5 33. Kf2
Rd2+ 34. Kf3 d4 35. g4 Kg7 36. Rb5 a4 37. h4 d3 38. Rb4 Re2 39. Rxa4 Rxb2 40.
Rd4 d2 41. a4 Rb4 42. Rxd2 Rxa4 43. Rd6 Ra3+ 44. Kf4 Ra4+ 45. Kg3 Ra3+ 1/2-1/2

[Event "Chigorin Memorial 2019"]
[Site "St Petersburg RUS"]
[Date "2019.10.05"]
[Round "1.146"]
[White "Vershinina, Anastasiia"]
[Black "Shakirov, Marat"]
[Result "0-1"]
[WhiteElo "1466"]
[BlackElo "2114"]
[WhiteFideId "54106559"]
[BlackFideId "44118171"]
[EventDate "2019.10.05"]

1. d4 f5 2. c4 e6 3. Nc3 Nf6 4. b3 Bb4 5. Bb2 O-O 6. a3 Be7 7. Nf3 d5 8. e3 Bd7
9. Be2 Be8 10. Rc1 c6 11. Ne5 Nbd7 12. f4 Nxe5 13. dxe5 Ng4 14. Bxg4 fxg4 15.
Qxg4 Bc5 16. Qxe6+ Kh8 17. Qh3 Qb6 18. Na4 Qxb3 19. Nxc5 Qxb2 20. O-O Bg6 21.
cxd5 cxd5 22. Rcd1 Bf5 23. Qg3 b6 24. Nb7 Be4 25. Nd6 Rad8 26. Rc1 Rd7 27. Rc6
h6 28. Rd1 Qe2 29. Rdc1 Re7 30. Nc8 Rxc8 31. Rxc8+ Kh7 32. Qf2 Qa6 33. Qb2 Re6
34. R8c6 Rxc6 35. Rxc6 Qd3 36. Kf2 d4 37. Qxd4 Qxd4 38. exd4 Bxc6 39. g3 Kg6 40.
Ke3 Kf5 41. h3 h5 42. Kd3 b5 43. Ke3 Bd5 44. Kd3 a5 45. Kc3 Ke4 46. g4 hxg4 47.
hxg4 Kxf4 48. a4 b4+ 49. Kd3 Kxg4 50. Ke3 Kf5 51. e6 Kxe6 0-1

[Event "Chigorin Memorial 2019"]
[Site "St Petersburg RUS"]
[Date "2019.10.05"]
[Round "1.148"]
[White "Korolev, Artem"]
[Black "Semenenko, Sergey"]
[Result "0-1"]
[WhiteElo "1459"]
[BlackElo "2107"]
[WhiteFideId "44170017"]
[BlackFideId "4173767"]
[EventDate "2019.10.05"]

1. c4 Nf6 2. Nc3 c5 3. e4 d6 4. d3 g6 5. f4 Nc6 6. Nf3 Bg7 7. g3 O-O 8. Bg2 Rb8
9. O-O a6 10. a4 Ne8 11. Be3 Bg4 12. Qd2 Nc7 13. Nh4 Bd7 14. f5 b5 15. Bh6 bxc4
16. Bxg7 Kxg7 17. dxc4 Ne5 18. Nd5 Nxd5 19. cxd5 Qb6 20. Rab1 Bxa4 21. Rf4 Qb4
22. Qxb4 Rxb4 23. f6+ exf6 24. Rbf1 Rxb2 25. Rxf6 Bb5 26. Rxd6 Bxf1 27. Bxf1 c4
28. Rxa6 c3 29. Ra5 Rc8 30. Bh3 c2 31. Ra1 Rb1+ 32. Rxb1 cxb1=Q+ 33. Kf2 Rc2+
34. Ke3 Qc1+ 35. Kd4 f6 36. Bf1 Qd2+ 37. Bd3 Qxd3# 0-1

[Event "Chigorin Memorial 2019"]
[Site "St Petersburg RUS"]
[Date "2019.10.05"]
[Round "1.149"]
[White "Shihaliev, Leonard"]
[Black "Chereshkevich, Yuri"]
[Result "1-0"]
[WhiteElo "2080"]
[BlackElo "1478"]
[WhiteFideId "24192163"]
[BlackFideId "34282882"]
[EventDate "2019.10.05"]

1. d4 f5 2. Nc3 Nf6 3. Bg5 d5 4. f3 Nc6 5. Qd2 b6 6. O-O-O Bb7 7. e4 fxe4 8.
fxe4 dxe4 9. d5 Ne5 10. Qd4 Nf7 11. Bxf6 exf6 12. Bb5+ Ke7 13. Qxe4+ Ne5 14. d6+
cxd6 15. Qxb7+ Ke6 16. Nf3 g6 17. Nd4# 1-0

[Event "Chigorin Memorial 2019"]
[Site "St Petersburg RUS"]
[Date "2019.10.05"]
[Round "1.150"]
[White "Stepanov, Artem"]
[Black "Skuratovich, Yakov"]
[Result "1/2-1/2"]
[WhiteElo "1401"]
[BlackElo "2097"]
[WhiteFideId "34253769"]
[BlackFideId "24116785"]
[EventDate "2019.10.05"]

1. e4 c5 2. Nf3 Nf6 3. e5 Nd5 4. Nc3 Nxc3 5. bxc3 d5 6. exd6 exd6 7. c4 Be7 8.
Bb2 O-O 9. Be2 Nc6 10. O-O Bf6 11. Bxf6 Qxf6 12. Rb1 b6 13. d3 Bb7 14. Nd2 Nb4
15. Ra1 Rae8 16. Bf3 Bxf3 17. Nxf3 Qc3 18. a3 Nc6 19. Ng5 f5 20. Qf3 Ne7 21. Ne6
Rf6 22. Nc7 Ref8 23. Rae1 R6f7 24. Ne6 Re8 25. Ng5 Rff8 26. Ne6 Rf7 27. Ng5 Rff8
28. Ne6 Rf7 29. Ng5 1/2-1/2

[Event "Chigorin Memorial 2019"]
[Site "St Petersburg RUS"]
[Date "2019.10.05"]
[Round "1.151"]
[White "Terentev, Mikhail"]
[Black "Borisenko, Ekaterina"]
[Result "1-0"]
[WhiteElo "2096"]
[BlackElo "1442"]
[WhiteFideId "24183814"]
[BlackFideId "34276416"]
[EventDate "2019.10.05"]

1. e4 e5 2. Nf3 Nc6 3. Bb5 a6 4. Ba4 Nf6 5. O-O b5 6. Bb3 Bb7 7. Re1 Bc5 8. c3
d6 9. d4 Bb6 10. Bg5 h6 11. Bh4 g5 12. Bg3 O-O 13. Bc2 Qe7 14. d5 Na5 15. Nbd2
c6 16. b4 Nc4 17. Nxc4 bxc4 18. dxc6 Bxc6 19. Qe2 Rac8 20. Nd2 Qc7 21. h4 Kg7
22. hxg5 hxg5 23. Qxc4 Bb5 24. Qxc7 Rxc7 25. Nb1 Rfc8 26. a4 Bc4 27. Rd1 Ne8 28.
Ra3 Kf6 29. Bd3 Ke7 30. Kf1 Nf6 31. f3 Bxd3+ 32. Rxd3 Rh8 33. Rd1 Rh1+ 34. Ke2
Nh5 35. Be1 Nf4+ 36. Kd2 Nxg2 37. Ra1 Ne3 38. Rc1 Rh3 39. Na3 Rxf3 40. a5 Ba7
41. b5 axb5 42. Nxb5 Nc4+ 43. Ke2 Re3+ 44. Kf1 Rf3+ 45. Kg2 g4 46. Nxc7 Ne3+ 47.
Kh1 Rh3+ 48. Kg1 Nd5+ 49. Bf2 Bxf2+ 50. Kxf2 Nxc7 51. a6 Rh8 52. Rcb1 Kd7 53. a7 1-0

[Event "Chigorin Memorial 2019"]
[Site "St Petersburg RUS"]
[Date "2019.10.05"]
[Round "1.152"]
[White "Kalashnikov, Fedor"]
[Black "Pavlov, Mark"]
[Result "0-1"]
[WhiteElo "1387"]
[BlackElo "2095"]
[WhiteFideId "34294031"]
[BlackFideId "34178829"]
[EventDate "2019.10.05"]

1. e4 e6 2. d4 d5 3. Nd2 c5 4. exd5 exd5 5. Bb5+ Bd7 6. Bxd7+ Nxd7 7. Ngf3 Ngf6
8. O-O Be7 9. Re1 O-O 10. Nf1 c4 11. Ng3 g6 12. Bg5 Re8 13. Ne5 Nf8 14. c3 Ne6
15. Bxf6 Bxf6 16. Qf3 Ng5 17. Qf4 Bxe5 18. Rxe5 Rxe5 19. Qxe5 f6 20. Qe2 Qe8 21.
Re1 Qxe2 22. Rxe2 Kf7 23. f3 Ne6 24. Rd2 Nf4 25. Ne2 Nd3 26. g3 g5 27. Kg2 b5
28. a3 a5 29. h3 Rb8 30. f4 b4 31. axb4 axb4 32. h4 h6 33. Kf3 b3 34. fxg5 hxg5
35. hxg5 fxg5 36. Ng1 Ra8 37. Nh3 Kf6 38. Nf2 Ne1+ 39. Ke2 Ng2 40. Ng4+ Kg7 41.
Rd1 Ra2 42. Ne5 Rxb2+ 43. Kf3 Ra2 44. Kg4 0-1

[Event "Chigorin Memorial 2019"]
[Site "St Petersburg RUS"]
[Date "2019.10.05"]
[Round "1.153"]
[White "Frolov, Aleksey G."]
[Black "Koroleva, Mariya"]
[Result "1-0"]
[WhiteElo "2093"]
[BlackElo "1355"]
[WhiteFideId "34106500"]
[BlackFideId "34276424"]
[EventDate "2019.10.05"]

1. e4 e5 2. Nf3 Nc6 3. Bb5 a6 4. Ba4 Nf6 5. O-O b5 6. Bb3 Be7 7. d3 O-O 8. a4
Bb7 9. Nc3 b4 10. Ne2 d6 11. Ng3 Re8 12. Re1 Bf8 13. Ng5 d5 14. exd5 Nxd5 15.
Qh5 Nf6 16. Qxf7+ Kh8 17. Qg8+ Nxg8 18. Nf7# 1-0

[Event "Chigorin Memorial 2019"]
[Site "St Petersburg RUS"]
[Date "2019.10.05"]
[Round "1.154"]
[White "Kleschev, Semen"]
[Black "Skvortsov, Alexander"]
[Result "0-1"]
[WhiteElo "1328"]
[BlackElo "2092"]
[WhiteFideId "24234338"]
[BlackFideId "24170038"]
[EventDate "2019.10.05"]

1. Nf3 d5 2. d4 Nf6 3. c4 g6 4. Nc3 Bg7 5. Bg5 c6 6. e3 O-O 7. Be2 h6 8. Bh4
Nbd7 9. Qb3 dxc4 10. Bxc4 Nb6 11. Be2 Be6 12. Qc2 Rc8 13. O-O Nbd5 14. Rfd1 Qa5
15. a3 c5 16. Nxd5 Bxd5 17. Rac1 Be4 18. Qc3 Qxc3 19. Rxc3 Nd5 20. Rcc1 cxd4 21.
Nxd4 a6 22. h3 Be5 23. Bc4 g5 24. Bxd5 Bxd5 25. Bg3 Bxg3 26. fxg3 e6 27. Kf2 Kg7
28. g4 Kg6 29. Kg3 Rfd8 30. Re1 Be4 31. Red1 b6 32. Rc3 Rxc3 33. bxc3 e5 0-1

[Event "Chigorin Memorial 2019"]
[Site "St Petersburg RUS"]
[Date "2019.10.05"]
[Round "1.155"]
[White "Zhafyarov, Adel"]
[Black "Gagonin, Aleksandr"]
[Result "1-0"]
[WhiteElo "2089"]
[BlackElo "1306"]
[WhiteFideId "34147630"]
[BlackFideId "34427031"]
[EventDate "2019.10.05"]

1. d4 Nf6 2. Bf4 e6 3. e3 b6 4. Nf3 Bb7 5. c3 c5 6. h3 Be7 7. Bd3 O-O 8. O-O d5
9. Nbd2 Nbd7 10. Qb1 h6 11. Bh2 Ne8 12. Ne5 Nxe5 13. dxe5 f5 14. exf6 Bxf6 15.
e4 e5 16. exd5 Bxd5 17. Bc4 Nc7 18. Rd1 Qe8 19. Qe4 Rd8 20. Nf3 Bxc4 21. Qxc4+
Kh8 22. Rxd8 Qxd8 23. Nxe5 Bxe5 24. Bxe5 Qd5 25. Qxd5 Nxd5 26. Rd1 Nf6 27. f4
Nh5 28. Rd7 a5 29. Rb7 Kg8 30. a4 Rf7 31. Rxf7 Kxf7 32. Bc7 Ke6 33. c4 Kd7 34.
Bxb6 Kc6 35. Bxa5 Nxf4 36. Bc3 Ne2+ 37. Kf2 Nxc3 38. bxc3 Kb6 39. Ke3 Ka5 40.
Ke4 1-0

[Event "Chigorin Memorial 2019"]
[Site "St Petersburg RUS"]
[Date "2019.10.05"]
[Round "1.156"]
[White "Lezin, Aleksandr"]
[Black "Miroshnik, Ekaterina"]
[Result "0-1"]
[BlackTitle "WFM"]
[WhiteElo "1307"]
[BlackElo "2089"]
[WhiteFideId "54147239"]
[BlackFideId "34127698"]
[EventDate "2019.10.05"]

1. e4 e6 2. d4 d5 3. Nd2 Nf6 4. e5 Nfd7 5. Bd3 c5 6. c3 Nc6 7. Ne2 cxd4 8. cxd4
f6 9. exf6 Nxf6 10. O-O Bd6 11. Nf3 Qc7 12. Bg5 O-O 13. Rc1 Bd7 14. Qc2 Be8 15.
Qd2 h6 16. Bh4 Bh5 17. Ne5 Bxe2 18. Bxe2 Bxe5 19. dxe5 Qxe5 20. Bg3 Ne4 21. Qe3
Nxg3 22. Qxe5 Nxe5 23. hxg3 Nc6 24. Rcd1 Kf7 25. Rfe1 Kf6 26. f4 Rad8 27. Bg4
Rd6 28. Kf2 Ne7 29. Re5 Rc8 30. Rd2 Ng6 31. Re3 Rc1 32. Rde2 Nf8 33. Re5 g6 34.
Bh3 Rdc6 35. g4 g5 36. f5 R1c2 37. fxe6 Rxe2+ 38. Rxe2 Nxe6 39. g3 Nd4 40. Rd2
Rc2 41. Rxc2 Nxc2 42. Ke2 Ke5 43. Kd2 Nd4 44. Kd3 Ne6 45. Bg2 Nc5+ 46. Ke3 a5
47. b3 b6 48. Bf1 Ne4 49. Kd3 Nxg3 50. Bg2 Ne4 51. Kc2 Kd4 52. a3 Nf2 53. Bf3
Ne4 54. b4 axb4 55. axb4 Ke3 56. Bh1 d4 0-1

[Event "Chigorin Memorial 2019"]
[Site "St Petersburg RUS"]
[Date "2019.10.05"]
[Round "1.157"]
[White "Gorovenko, Darya"]
[Black "Kuleshov, Dmitrii"]
[Result "1-0"]
[WhiteTitle "WFM"]
[WhiteElo "2088"]
[BlackElo "1245"]
[WhiteFideId "24173800"]
[BlackFideId "24276880"]
[EventDate "2019.10.05"]

1. d4 d5 2. Nf3 Nf6 3. g3 Bf5 4. Bg2 e6 5. O-O c6 6. c4 Bd6 7. Nbd2 Nbd7 8. Nh4
Bg4 9. Qe1 O-O 10. e4 dxe4 11. Nxe4 Nxe4 12. Qxe4 Nf6 13. Qc2 Rc8 14. Be3 b6 15.
Qa4 Qc7 16. c5 Be7 17. Nf3 Nd5 18. b4 Nxe3 19. fxe3 b5 20. Qa6 Bxf3 21. Bxf3
Rfd8 22. a4 bxa4 23. Rxa4 Rd7 24. Qe2 Qb8 25. Rb1 Rb7 26. Qg2 a5 27. Bxc6 Rxb4
28. Raxb4 axb4 29. Bb7 Rc7 30. Rxb4 e5 31. Qb2 exd4 32. exd4 Qa7 33. Be4 Qa5 34.
Rb8+ Bf8 35. Kf2 Re7 36. Ra8 Rxe4 37. Rxa5 1-0

[Event "Chigorin Memorial 2019"]
[Site "St Petersburg RUS"]
[Date "2019.10.05"]
[Round "1.158"]
[White "Frolov, Zakhar"]
[Black "Savinov, Leonid"]
[Result "1/2-1/2"]
[WhiteElo "1213"]
[BlackElo "2086"]
[WhiteFideId "34428380"]
[BlackFideId "4166264"]
[EventDate "2019.10.05"]

1. e4 c6 2. d4 d5 3. exd5 cxd5 4. c4 Nf6 5. Nc3 g6 6. Bf4 Bg7 7. Be5 O-O 8. Bxf6
Bxf6 9. Nxd5 Bg7 10. Nf3 Nc6 11. Be2 e6 12. Nc3 Nxd4 13. Nxd4 Qxd4 14. Qxd4 Bxd4
15. Rd1 Bxc3+ 16. bxc3 b6 17. O-O Ba6 18. Rd7 Rac8 19. Rxa7 Bxc4 20. Bxc4 Rxc4
21. Ra3 Rfc8 22. Rc1 b5 23. Kf1 b4 24. Rb3 bxc3 25. Rc2 e5 26. Ke2 e4 27. f3 f5
28. fxe4 fxe4 29. Ke3 Kg7 30. g3 h5 31. a4 Rxa4 32. Rbxc3 Ra3 33. Rxa3 Rxc2 34.
h4 Rc4 35. Ra7+ Kf6 36. Ra6+ Kg7 37. Ra7+ Kh6 38. Re7 Rc3+ 39. Kf2 Rc2+ 40. Ke3
Rg2 41. Kf4 Rf2+ 42. Ke3 Rf3+ 43. Ke2 Rxg3 44. Rxe4 Kg7 45. Rf4 Ra3 46. Kf2 Ra5
47. Kg3 Rb5 48. Kf3 Rb3+ 49. Ke4 Rg3 50. Rf3 Rg1 51. Rf4 g5 52. hxg5 Kg6 53. Rf2
Kxg5 54. Kf3 Kf5 55. Rh2 Rg5 56. Rg2 Rxg2 57. Kxg2 Kg4 1/2-1/2

[Event "Chigorin Memorial 2019"]
[Site "St Petersburg RUS"]
[Date "2019.10.05"]
[Round "1.159"]
[White "Rudikov, Dmitry"]
[Black "Mirzoyan, Samvel"]
[Result "1-0"]
[WhiteElo "2085"]
[BlackElo "1203"]
[WhiteFideId "44147171"]
[BlackFideId "34338063"]
[EventDate "2019.10.05"]

1. d4 Nf6 2. c4 c5 3. d5 b5 4. cxb5 a6 5. bxa6 Bxa6 6. Nc3 d6 7. Nf3 g6 8. e4
Bxf1 9. Kxf1 Bg7 10. g3 O-O 11. Kg2 Nbd7 12. h3 Qa5 13. Re1 Rfb8 14. Re2 Ne8 15.
Rc2 Nc7 16. Bg5 Nf6 17. Qe2 Qa6 18. Rd1 Qxe2 19. Rxe2 Nb5 20. e5 dxe5 21. Rxe5
Nxc3 22. bxc3 h6 23. Be3 Rxa2 24. Rxe7 Rd8 25. c4 Rc2 26. Ne5 Rf8 27. d6 Rb2 28.
d7 Rbb8 29. Nc6 Nxd7 30. Rexd7 Ra8 31. Ne7+ Kh7 32. Bxc5 Rfe8 33. Nd5 Re6 34.
Rxf7 Rd8 35. Bd4 Rg8 36. Nf6+ Rxf6 37. Bxf6 Kh8 38. Rdd7 1-0

[Event "Chigorin Memorial 2019"]
[Site "St Petersburg RUS"]
[Date "2019.10.05"]
[Round "1.160"]
[White "Terman, Elizaveta"]
[Black "Putrenko, Kirill"]
[Result "0-1"]
[WhiteElo "1100"]
[BlackElo "1974"]
[WhiteFideId "34297014"]
[BlackFideId "44148402"]
[EventDate "2019.10.05"]

1. d4 Nf6 2. c4 e6 3. Nf3 b6 4. g3 Bd6 5. b3 Bb4+ 6. Bd2 Be7 7. Bg2 d5 8. cxd5
exd5 9. Nc3 O-O 10. O-O Bb7 11. Qc2 Na6 12. Rfe1 Re8 13. Bf4 Ne4 14. Nxe4 dxe4
15. Nd2 Nb4 16. Qb2 Bf6 17. Rad1 Bxd4 18. Qb1 Qe7 19. Nc4 Bf6 20. Bd2 Nd5 21.
Ne3 Nxe3 22. Bxe3 c5 23. Bf4 Rad8 24. Qc2 g6 25. Rxd8 Rxd8 26. Rd1 Rxd1+ 27.
Qxd1 Qd8 28. Qxd8+ Bxd8 29. Bb8 a6 30. e3 f5 31. Kf1 Kf7 32. Be5 Ke6 33. Bb2 Bf6
34. Bxf6 Kxf6 35. Ke2 a5 36. Kd2 Ba6 37. f3 exf3 38. Bxf3 Ke5 39. h4 h6 40. Bc6
g5 41. hxg5 hxg5 42. Bd7 b5 43. Bc6 b4 44. Bf3 c4 45. Kc2 Bb5 46. Bg2 a4 47. Bf3
cxb3+ 48. axb3 a3 49. Bh1 Bd3+ 50. Kc1 Be4 51. Bxe4 Kxe4 52. Kb1 Kxe3 53. Kc2 f4
54. gxf4 gxf4 0-1

[Event "Chigorin Memorial 2019"]
[Site "St Petersburg RUS"]
[Date "2019.10.05"]
[Round "1.167"]
[White "Pershin, Denis"]
[Black "Timirev, Sergey"]
[Result "1-0"]
[WhiteTitle "IM"]
[WhiteElo "2401"]
[BlackElo "1613"]
[WhiteFideId "24165506"]
[BlackFideId "24181676"]
[EventDate "2019.10.05"]

1. d4 f5 2. c4 Nf6 3. Nc3 e6 4. g3 d5 5. Bg2 c6 6. Nf3 Be7 7. O-O O-O 8. Bf4 Ne4
9. Qc2 Nd7 10. Rad1 g5 11. Bc1 h6 12. Nd2 Nxc3 13. Qxc3 Qe8 14. Nf3 Qh5 15. Qe3
Nf6 16. Ne5 Ng4 17. Nxg4 Qxg4 18. Qd3 Qh5 19. Bf3 Qe8 20. Bd2 Bd7 21. Qb3 Qc8
22. Rc1 dxc4 23. Qxc4 Be8 24. d5 exd5 25. Bxd5+ Bf7 26. Bxf7+ Rxf7 27. Bc3 Kf8
28. Rcd1 Bf6 29. Rd6 Kg7 30. Rxf6 Rxf6 31. Rd1 Qg8 32. Bxf6+ Kxf6 33. Rd6+ Ke7
34. Qc5 b6 35. Qe5+ 1-0

[Event "Chigorin Memorial 2019"]
[Site "St Petersburg RUS"]
[Date "2019.10.05"]
[Round "1.168"]
[White "Zakharov, Yuri"]
[Black "Schekachikhin, Maksim"]
[Result "0-1"]
[BlackTitle "IM"]
[WhiteElo "1600"]
[BlackElo "2400"]
[WhiteFideId "4166620"]
[BlackFideId "24177830"]
[EventDate "2019.10.05"]

1. e4 c5 2. Nf3 e6 3. Nc3 a6 4. d4 cxd4 5. Nxd4 Qc7 6. g3 Nc6 7. Bg2 Nf6 8. Nb3
Be7 9. O-O O-O 10. Be3 d6 11. f4 Na5 12. Nxa5 Qxa5 13. a3 Bd7 14. g4 Qd8 15. g5
Ne8 16. Qd2 f6 17. h4 Nc7 18. Bb6 Rc8 19. Rad1 Qe8 20. Bf2 Bc6 21. Rfe1 Qf7 22.
Bg3 Rcd8 23. Qe2 fxg5 24. fxg5 Qg6 25. Bf3 Qe8 26. Bh5 g6 27. Bg4 Rf7 28. Rf1
Rxf1+ 29. Rxf1 Bf8 30. Kh2 Bg7 31. Qe3 Qe7 32. Re1 Rf8 33. Rd1 Be5 34. Bxe5 dxe5
35. Rd2 Qf7 36. Bh3 Qf4+ 37. Qxf4 Rxf4 38. Kg3 Rf8 39. Rd6 Kf7 40. Rd2 Ke7 41.
Bg2 Ne8 42. Rf2 Rg8 43. Bf1 Nd6 44. Bd3 b5 45. Re2 Nb7 46. b4 Nd6 47. Nb1 Ra8
48. Nd2 a5 49. Nb3 axb4 50. axb4 Ra4 51. Na5 Ba8 52. Nb3 Rxb4 53. Nc5 Rb1 54.
Kf2 Ne8 55. c4 Rc1 56. Rc2 Rxc2+ 57. Bxc2 bxc4 58. Kf3 Bc6 59. Na6 Kd6 60. Ke3
Bb5 61. Nb4 Kc5 62. Na2 Bc6 63. Bb1 Nd6 64. Bc2 Nb5 65. Bd1 Nd4 66. h5 Be8 67.
hxg6 hxg6 68. Bg4 Ba4 69. Kd2 Bc6 70. Ke3 Nc2+ 71. Kf3 Kd4 72. Bxe6 Bxe4+ 73.
Ke2 Bd3+ 74. Kd2 e4 75. Bg4 Ne3 76. Be6 Nf1+ 77. Ke1 Nh2 78. Bf7 e3 79. Nb4 Nf3+ 0-1

[Event "Chigorin Memorial 2019"]
[Site "St Petersburg RUS"]
[Date "2019.10.05"]
[Round "1.169"]
[White "Kovalchuk, Alexey"]
[Black "Klimentiev, Sergey"]
[Result "1-0"]
[WhiteElo "2389"]
[BlackElo "1591"]
[WhiteFideId "24154385"]
[BlackFideId "24155896"]
[EventDate "2019.10.05"]

1. e4 e5 2. Nf3 Nc6 3. Bc4 Nf6 4. d3 Bc5 5. c3 Bb6 6. O-O d6 7. Nbd2 O-O 8. h3
a6 9. Bb3 h6 10. Re1 Ne7 11. d4 exd4 12. cxd4 Ng6 13. Bc2 Be6 14. Nf1 c6 15. Ng3
Re8 16. Be3 Qc7 17. Nd2 Ba5 18. f4 Nf8 19. a3 c5 20. d5 Bd7 21. Rc1 Bxd2 22.
Qxd2 b5 23. Bb1 Qb7 24. b4 c4 25. Bd4 N8h7 26. Qc2 g6 27. Qb2 Nxd5 28. exd5 f5
29. Bh8 Rxe1+ 30. Rxe1 Be8 31. Bxf5 gxf5 32. Nxf5 Bg6 33. Ne7+ Kf7 34. Qg7+ 1-0

[Event "Chigorin Memorial 2019"]
[Site "St Petersburg RUS"]
[Date "2019.10.05"]
[Round "1.170"]
[White "Shceglov, Mikhail"]
[Black "Palchun, Grigory"]
[Result "1/2-1/2"]
[WhiteElo "1590"]
[BlackElo "2368"]
[WhiteFideId "44164130"]
[BlackFideId "24147338"]
[EventDate "2019.10.05"]

1. e4 e5 2. Nf3 Nc6 3. Bb5 a6 4. Ba4 Nge7 5. O-O g6 6. c3 Bg7 7. d4 exd4 8. cxd4
b5 9. Bb3 Na5 10. Nc3 Nxb3 11. axb3 Bb7 12. Qd3 O-O 13. Bf4 d6 14. Rfe1 h6 15.
h4 Qc8 16. Rac1 Qg4 17. Qe3 Kh7 18. Nxb5 axb5 19. Rxc7 Nd5 20. exd5 Bxd5 21. Bg3
Rad8 22. Qd3 Bxf3 23. gxf3 Qxd4 24. Qxb5 d5 25. Ree7 Kg8 26. Red7 Be5 27. Bxe5
Qxe5 28. b4 Qe6 29. Kg2 d4 30. Re7 Qf6 31. Qd3 Rd6 32. Re4 Rfd8 33. Rc4 Qf5 34.
Rc5 Qd7 35. b5 Qb7 36. b4 Kf8 37. Ree5 Kg7 38. Re4 R8d7 39. Ree5 Qa8 40. Re4 f5
41. Ree5 Ra7 42. Rc6 Rad7 43. Rcc5 1/2-1/2

[Event "Chigorin Memorial 2019"]
[Site "St Petersburg RUS"]
[Date "2019.10.05"]
[Round "1.172"]
[White "Zhuravlev, Mikhail"]
[Black "Dubrovin, Robert"]
[Result "0-1"]
[WhiteElo "1577"]
[BlackElo "2224"]
[WhiteFideId "34430237"]
[BlackFideId "4501829"]
[EventDate "2019.10.05"]

1. e4 c5 2. Nf3 e6 3. c4 Nc6 4. Nc3 Nf6 5. Be2 d5 6. exd5 exd5 7. cxd5 Nxd5 8.
O-O Be7 9. d4 Nxc3 10. bxc3 cxd4 11. Nxd4 Bd7 12. Nxc6 Bxc6 13. Bf3 Qc7 14.
Bxc6+ bxc6 15. Qf3 O-O 16. Bf4 Qd7 17. Rad1 Qf5 18. Bd6 Qxf3 19. gxf3 Rfe8 20.
Bxe7 Rxe7 21. Rd6 Rc7 22. Rfd1 Kf8 23. Rd7 Rac8 24. c4 Ke8 25. R7d4 Rb8 26. Kg2
Rb2 27. R1d2 Rxd2 28. Rxd2 Ke7 29. c5 Rd7 30. Re2+ Kd8 31. Re4 Kc7 32. Ra4 Kb7
33. Kg3 Rd5 34. Ra5 Rd2 35. Ra4 Rd5 36. Rb4+ Ka6 37. Ra4+ Kb5 38. Rxa7 Rxc5 39.
Rxf7 Rg5+ 40. Kf4 Rg1 41. Ke3 c5 42. Kd2 h5 43. h4 Rg2 44. Kc3 Rxf2 45. a3 Rf1
46. Rb7+ Kc6 47. Rf7 Rc1+ 48. Kb2 Rc4 49. f4 Re4 50. Kc3 Re3+ 51. Kb2 Rf3 52. a4
Kb6 53. Rf5 g6 54. Rf6+ Ka5 55. Rxg6 Kxa4 56. Rg5 Kb4 57. Rxh5 Rxf4 58. Kc2 Rf2+
59. Kd1 c4 60. Rh8 Kc3 61. h5 Rh2 62. h6 Rh1+ 63. Ke2 Kc2 64. h7 c3 65. Ke3 Re1+
66. Kf2 Re7 67. Kf1 Rc7 68. Ke2 Kc1 69. Kd3 c2 70. Ke2 Re7+ 71. Kf2 Rb7 72. Ke2
Kb1 73. Rc8 Rxh7 74. Rb8+ Kc1 75. Rb6 Re7+ 76. Kf2 Re5 77. Rb8 Kd2 78. Rd8+ Kc3
79. Rc8+ Kd3 80. Rd8+ Kc4 0-1